000 00953nam a2200253Ia 4500
003 Ost
005 20260507075406.0
008 260507s9999||||xx |||||||||||||| ||und||
020 _a22449999579
040 _cfsecg
041 _aara
082 _a0
100 _aالجراح، محمود محمد
_eمؤلف
245 0 _aأصول البحث العلمي /
_c محمود محمد الجراح
250 _aطبعة 2
260 _aعمان:
_bدار الراية للنشر والتوزيع,
_c2014
300 _a246 صفحة؛
_c24 سم
520 _aيضم مفاهيم أساسية في البحث العلمي، تصميم خطة البحث، البحث الوصفي، أدوات جمع البيانات ، استخدام المراجع والوثائق في البحث العلمي
653 _aالبحث العلمي
653 _aالبحوث
653 _aالمنهجية
653 _aطرق البحث
942 _cكتاب
999 _c44303
_d44303